| 000 | 01401cam a2200373 i 4500 | ||
|---|---|---|---|
| 001 | 41765 | ||
| 003 | Mx-PuUPA | ||
| 005 | 20251007111249.0 | ||
| 008 | 140415s2003 pe a gr 000 0bspa d | ||
| 017 | _a1501032003-3749 | ||
| 020 | _a9972402843 | ||
| 040 |
_cMx-PuUPA _aMx-PuUPA _bspa _dMx-PuUPA _erda |
||
| 041 | 1 |
_aspa _hund |
|
| 043 | _as-pe--- | ||
| 100 | 1 |
_917541 _aBowen, Sally, _eautor |
|
| 245 | 1 | 3 |
_aEl espía imperfecto : _bla telaraña siniestra de Vladimiro Montesinos / _cSally Bowen, Jane Holligan ; traducción preliminar, Roxana Cieza Castellano |
| 264 | 1 |
_aLima, Perú : _bEdiciones PEISA, _c2003 |
|
| 300 |
_a540 páginas : _bilustraciones (en blanco y negro) ; _c22 cm |
||
| 336 |
_2rdacontent _atexto _btxt |
||
| 336 |
_2rdacontent _aimagen fija _bsti |
||
| 337 |
_2rdamedia _asin medio _bn |
||
| 338 |
_2rdacarrier _avolumen _bnc |
||
| 600 | 1 | 4 |
_aMontesinos Torres, Vladimiro, _xÉtica |
| 650 | 7 |
_2armarc _aCorrupción política _zPerú |
|
| 650 | 7 |
_2armarc _aDelitos de los funcionarios _zPerú |
|
| 650 | 7 |
_2armarc _aPolíticos _zPerú _vBiografía |
|
| 651 | 4 |
_aPerú _xPolítica y gobierno _y1980 |
|
| 700 | 1 |
_aHolligan, Jane, _eautor |
|
| 700 | 1 |
_aCieza Castellano, Roxana, _etraductor |
|
| 942 |
_2ddc _cLI _h324.2092 _iB7818 |
||
| 999 |
_c41765 _d41765 |
||